000 00487nam a2200169Ia 4500
999 _c19451
_d19451
003 OSt
005 20200706122645.0
008 190216s9999||||xx |||||||||||||| ||und||
020 _a0135993571
040 _coclc
082 _a940.2
_bANC/M
100 _aAnchor, Robert
_93565
245 4 _aThe Modern Western Experience /
_cRobert Anchor
260 _bPrentice Hall India,
_c1978.
_aNew Delhi:
300 _a339p
942 _cBK
_2ddc
_h940.2
_iANC/M
_k940.2
_mANC/M